Oración panegírica de San Jorge martyr que... predicó... / (Record no. 60717)
[ view plain ]
| 000 -LEADER | |
|---|---|
| campo de control de longitud fija | 00677nam a2200193 i 4500 |
| 001 - NÚMERO DE CONTROL | |
| campo de control | 60717 |
| 003 - IDENTIFICADOR DE NÚMERO DE CONTROL | |
| campo de control | ES-MaACL |
| 005 - FECHA Y HORA DE LA ÚLTIMA TRANSACCIÓN | |
| campo de control | 20230906164306.0 |
| 007 - CAMPO FIJO DE DESCRIPCIÓN FÍSICA--INFORMACIÓN GENERAL | |
| campo de control de longitud fija | t| |
| 008 - DATOS DE LONGITUD FIJA--INFORMACIÓN GENERAL | |
| campo de control de longitud fija | 031106s1982 sp ||||1| spa d |
| 100 1# - ENTRADA PRINCIPAL--NOMBRE DE PERSONA | |
| Nombre de persona | Espinosa, Manuel de. |
| 9 (RLIN) | 47891 |
| 245 10 - MENCIÓN DEL TÍTULO | |
| Título | Oración panegírica de San Jorge martyr que... predicó... / |
| Mención de responsabilidad, etc. | Manuel de Espinosa ; [edición de Guillermo Fatas, Guillermo Redondo]. |
| 260 ## - PUBLICACIÓN, DISTRIBUCIÓN, ETC. | |
| Lugar de publicación, distribución, etc. | [Zaragoza : |
| Nombre del editor, distribuidor, etc. | Ayuntamiento de Zaragoza, |
| Fecha de publicación, distribución, etc. | 1982] |
| 300 ## - DESCRIPCIÓN FÍSICA | |
| Extensión | 44 p., 9 lám. ; |
| Dimensiones | 22 cm. |
| 500 ## - NOTA GENERAL | |
| Nota general | Zaragoza, Francisco Moreno, 1779. |
| 700 0# - ENTRADA AGREGADA--NOMBRE PERSONAL | |
| Nombre de persona | Fatas Cabeza, Guillermo. |
| 9 (RLIN) | 48927 |
| 700 1# - ENTRADA AGREGADA--NOMBRE PERSONAL | |
| Nombre de persona | Redondo, Guillermo. |
| 9 (RLIN) | 95816 |
| 852 ## - LOCALIZACIÓN | |
| Ubicación | ES-MaACL |
| Número de control de estantería | L-2617 |
| Sublocalización o colección | R.103244 |
| Estatus retirado | Estado de pérdida | Estado de daño | No para préstamo | Biblioteca de origen | Biblioteca actual | Ubicación en estantería | Fecha de adquisición | Fuente de adquisición | Total de préstamos | Signatura topográfica completa | Código de barras | Visto por última vez | Precio de reemplazo | Tipo de ítem Koha |
|---|---|---|---|---|---|---|---|---|---|---|---|---|---|---|
| Biblioteca del Ateneo de Madrid | Biblioteca del Ateneo de Madrid | Depósito 2 | 17/01/2008 | L-2617 | 1063675 | 23/02/2023 | 23/02/2023 | Libro impreso |
